| 000 | 00600nam a2200217 a 4500 | ||
|---|---|---|---|
| 001 | 3370094 | ||
| 005 | 20180302033201.0 | ||
| 008 | 870921s1988 ohua 001 0 eng | ||
| 010 | _a 87062816 | ||
| 020 | _a0675204496 | ||
| 040 |
_aDLC _cDLC _dDLC |
||
| 041 | _aeng | ||
| 080 | _a621.381 BER | ||
| 082 | 0 | 0 |
_a621.381 BER _219 |
| 100 | 1 | _a27 | |
| 101 | _aIM | ||
| 245 | 1 | 0 |
_aPrinciples of electronic instrumentation and measurement / _cHoward M. Berlin, Frank C. Getz, Jr. |
| 906 |
_a7 _bcbc _corignew _d2 _eopcn _f19 _gy-gencatlg |
||
| 942 |
_2ddc _cBK |
||
| 999 |
_c43916 _d43916 |
||